Rendez és vezényel is Kesselyák Gergely, a szabadtéri művészeti igazgatója a fesztiválról /
Elmentve itt :
| Szerző: | |
|---|---|
| Dokumentumtípus: | Cikk |
| Megjelent: |
2005-06-14
|
| Sorozat: | Délmagyarország
95 No. 137 |
| Kulcsszavak: | Kesselyák Gergely, Kesselyák Gergely, Szeged, Karmester Szeged, Szegedi Szabadtéri Játékok 2005 |
| Online Access: | http://dmarchiv.bibl.u-szeged.hu/134834 |
| LEADER | 00609nab a2200157 i 4500 | ||
|---|---|---|---|
| 001 | delm134834 | ||
| 005 | 20191204111517.0 | ||
| 008 | 191204s2005 hu o 0|| hun d | ||
| 040 | |a SZTE Délmagyarország Archívum |b hun | ||
| 041 | |a hun | ||
| 100 | 1 | |a Hollósi Zsolt | |
| 245 | 1 | 0 | |a Rendez és vezényel is |h [elektronikus dokumentum] : |b Kesselyák Gergely, a szabadtéri művészeti igazgatója a fesztiválról / |c Hollósi Zsolt |
| 260 | |c 2005-06-14 | ||
| 300 | |a 6 | ||
| 490 | 0 | |a Délmagyarország |v 95 No. 137 | |
| 695 | |a Kesselyák Gergely, Kesselyák Gergely, Szeged, Karmester Szeged, Szegedi Szabadtéri Játékok 2005 | ||